000 00434nam a2200181Ia 4500
001 9824
005 20260306161747.0
008 260306t2015||||xx |||||||||||||| ||spa||
041 _aESP
082 _a465
_bM95
100 _aMunguía Zatarain, Irma
_eAUT
245 0 _aLarousse gramática lengua española:
_breglas y ejercicios
260 _c2015
300 _a
_c
650 _aGEN
654 _aCHU
942 _cLIB
_dJUS
_fJUS
_2ddc
_n
999 _c9824
_d9824